000 00631nam a2200253Ia 4500
003 OSt
005 20220912144441.0
006 a|||||r|||| 00| 0
007 ta
008 220909b |||||||| |||| 00| 0 eng d
020 _aSL0942517
024 _a139061
037 _cTextual
040 _aCSL
_beng
_cCSL
041 _aeng
082 _aY7, K4
100 _aBeattie John
245 0 _aOther Cultures : Aims, Methods and Achievements in Social Anthropology
260 _aLondon
_c1964
300 _axii,283p
700 _aBeattie John
942 _hY7, K4
_cTEXL
_2CC
999 _c8720
_d8720